000 00823nam a22002537a 4500
001 BR6001281
003 BR-BrBNA
005 20230928095524.0
007 ta
008 230509b bl.||||| |||| 00| 0 por d
040 _aBR-BrBNA
_bpor
_cBiblioteca Nacional de Agricultura
041 _a(Por)
072 _aL72
090 _ L72 BR6001281
110 1 _aDirectoria de Agricultura, Rio de Janeiro, GB (Brasil). Sercico de Industria Pastoril
245 1 _aO carrapato. Estudo, meios de combate, premios da uniao e do Estado, carrapaticida construido, plantas especificacoes e orcamentos para construcoes
260 3 _aRio de Janeiro, GB (Brasil):
_c1926.
300 _a38 p.
650 _aCarrapato
650 _aCarrapaticida
650 _aBiologia Animal
909 _a202309
_bLucia
_c55
_dLucia Elande
942 _cBK
999 _c57059
_d57059